000 01483nam a2200253 a 4500
001 ASIN0750626917
005 20170105102903.0
008 131021s2004 xxu eng d
020 _a0750626917 (paperback)
_c$45.95
020 _a9780750626910 (paperback)
040 _a0
050 0 4 _aHD62.6
082 0 4 _a658.048
100 1 _aDrucker, Peter.
245 1 0 _aManaging the non-profit organization /
_cPeter Drucker.
250 _a1st ed.
260 _a[S.l.] :
_bRoutledge,
_c2004.
300 _a192 p. ;
_c24 cm.
520 _aA Drucker management classic, first published in 1990, which breaks down any narrow definition of management and is aimed specifically at decision-makers and managers working in non-profit making and charitable organizations to help them apply the principles of good management to their sector. Drawing from the American experience, Drucker poignantly illustrates his discussion of management by quoting his in-depth interviews with top executives from non-profit making organizations. The issues of mission, performance, people and relationships, leadership and developing managers are eloquently discussed and Drucker provides Action Implications throughout the book which are of practical importance to the reader.
650 0 _aAssociations, institutions, etc.--Management
650 0 _aNonprofit organizations--Management
856 4 0 _3Amazon.com
_uhttp://www.amazon.com/exec/obidos/ASIN/0750626917/chopaconline-20
942 _2ddc
_cBK
999 _c14746
_d14746